Genesis : (Record no. 8493)
[ view plain ]
| 000 -LEADER | |
|---|---|
| fixed length control field | 00754nam a22001937a 4500 |
| 003 - CONTROL NUMBER IDENTIFIER | |
| control field | GBCCL |
| 005 - DATE AND TIME OF LATEST TRANSACTION | |
| control field | 20241126110652.0 |
| 008 - FIXED-LENGTH DATA ELEMENTS--GENERAL INFORMATION | |
| fixed length control field | 210226b ||||| |||| 00| 0 eng d |
| 020 ## - INTERNATIONAL STANDARD BOOK NUMBER | |
| International Standard Book Number | 080062582X (alk. paper) : |
| 040 ## - CATALOGING SOURCE | |
| Transcribing agency | GBC |
| 082 ## - DEWEY DECIMAL CLASSIFICATION NUMBER | |
| Classification number | 222.1106 |
| Item number | WES |
| 100 ## - MAIN ENTRY--PERSONAL NAME | |
| Personal name | Westermann, Claus. |
| 9 (RLIN) | 12019 |
| 245 ## - TITLE STATEMENT | |
| Title | Genesis : |
| Remainder of title | an introduction / |
| Statement of responsibility, etc. | Claus Westermann ; translated by John J. Scullion. |
| 260 ## - PUBLICATION, DISTRIBUTION, ETC. | |
| Place of publication, distribution, etc. | Minneapolis : |
| Name of publisher, distributor, etc. | Fortress Press, |
| Date of publication, distribution, etc. | c1992. |
| 300 ## - PHYSICAL DESCRIPTION | |
| Extent | viii, 278 p. ; |
| Other physical details | 23 cm. |
| 505 ## - FORMATTED CONTENTS NOTE | |
| Formatted contents note | "First published in English as the introductions to Genesis 1-11 (1984), Genesis 12-36 (1985), Genesis 37-50 (1986) by Augsburg Fortress Publishers"--T.p. verso. |
| 650 ## - SUBJECT ADDED ENTRY--TOPICAL TERM | |
| Topical term or geographic name entry element | Bible. |
| Form subdivision | Genesis |
| General subdivision | Criticism, interpretation, etc. |
| 9 (RLIN) | 9298 |
| 942 ## - ADDED ENTRY ELEMENTS (KOHA) | |
| Source of classification or shelving scheme | Dewey Decimal Classification |
| Koha item type | Books |
| Koha issues (borrowed), all copies | 4 |
| Withdrawn status | Lost status | Source of classification or shelving scheme | Damaged status | Not for loan | Home library | Current Library | Shelving location | Date acquired | Total checkouts | Full call number | Barcode | Date last seen | Date last checked out | Copy number | Price effective from | Koha item type |
|---|---|---|---|---|---|---|---|---|---|---|---|---|---|---|---|---|
| Dewey Decimal Classification | GRACE BIBLE COLLEGE | GRACE BIBLE COLLEGE | Biblical Studies | 2021-02-26 | 4 | 222.1106 WES | 020117 | 2025-05-01 | 2024-09-18 | c.1 | 2021-02-26 | Books |